00476 2200181 4500001002100000008004100021035002000062245004900082100002600131260002700157300001700184082001000201650003100211990001300242990001300255990001300268990001300281INLIS000000000000690 ind  a0010-0423000690 aDONGENG PENGANTAR TIDUR ASAL MULA DANAU TOBA aYUDHISTIRA IKRANEGARA aSURABAYAbCV DUA MEDIA a32 hlm.ccm. a398.5 aBUKU-BUKU DONGENG , BALADA a102558-3 a102558-1 a102558-2 a102739-1